| 000 | 00457nam a2200157Ia 4500 | ||
|---|---|---|---|
| 003 | LK-CoDNM | ||
| 008 | 010623t1895 xxu||||| |||| 00| 1 eng d | ||
| 040 |
_aLK-CoDNM _dLK-CoDNM _eLK-CoDNM |
||
| 041 | _aeng | ||
| 080 | _a7 L.13 | ||
| 100 |
_aPringle,Arthur.T _eed. |
||
| 245 | _aThe Diary and Consultation Book of the Agent Governor Council of Fort St.George 1685 | ||
| 260 |
_bGovernment Press _aMadras _c1895 |
||
| 300 | _bxxvi,213p., 24 cm | ||
| 942 | _cBK | ||
| 999 |
_c84095 _d84095 |
||